000 00478nam a2200181Ia 4500
005 20250326123425.0
008 250326s9999 xx 000 0 und d
037 _aTextbook
040 _aFMSL
_beng
_cFMSL
041 _aeng
_2eng
084 _aX7.2 M1
_qFMSL
100 _aDwivedi D N
245 0 _aReadings in Indian public fice
_cDwivedi D N
260 _aDelhi
_bDelhi, Chankya
_c1981
300 _a259p
942 _cTB
_hX7.2 M1
999 _c1269310
_d1269310